000 00804nam a22001815i 4500
001 154571
003 ES-MaACL
005 20230906205800.0
008 961110s1894 sp |||| | spa d
040 _aCLM
_bspa
_cCCPB | SIC
100 1 _aGonzález Domingo, Cecilio.
_9127404
245 1 0 _aDiscurso leido en la apertura del curso académico de 1894 a 95 /
_cpor Cecilio González Domingo.
260 _aSalamanca :
_b[s.n.],
_c1894 (
_fImprenta de Francisco Nuñez Izquierdo)
300 _a51 p. ;
_c31 cm.
594 1 _aPrecede al tít : Universidad literaria de Salamanca.
710 2 1 _aUniversidad Literaria de Salamanca.
_97390
852 _aES-MaACL
_jT-775-F-5
_z-- Enc. hol., conservando la cub. original
_z-- Ex-libris ms. de la Universidad Literaria de Salamanca
_z-- Enc. en un vol. facticio
999 _c154571
_d154571